Top 250 Fantasy NHL rankings for 2017-2018 - Statistics

General Stats
  • This quiz has been taken 1,010 times
  • The average score is 110 of 250
Answer Stats
Player NHL Team % Correct
Alexander Ovechkin Washington Capitals
98%
Connor McDavid Edmonton Oilers
98%
Sidney Crosby Pittsburgh Penguins
98%
Steven Stamkos Tampa Bay Lightning
97%
Nikita Kucherov Tampa Bay Lightning
95%
Evgeni Malkin Pittsburgh Penguins
92%
Auston Matthews Toronto Maple Leafs
91%
Jamie Benn Dallas Stars
91%
Brad Marchand Boston Bruins
90%
Evander Kane Buffalo Sabres
90%
John Tavares New York Islanders
90%
Patrick Kane Chicago Blackhawks
90%
Erik Karlsson Ottawa Senators
88%
Tyler Seguin Dallas Stars
88%
Victor Hedman Tampa Bay Lightning
88%
William Karlsson Las Vegas Golden Knights
88%
Patrice Bergeron Boston Bruins
85%
Vladimir Tarasenko St Louis Blues
85%
Anze Kopitar LA Kings
83%
Jonathan Toews Chicago Blackhawks
82%
Brent Burns San Jose Sharks
81%
Drew Doughty LA Kings
80%
Blake Wheeler Winnipeg Jets
79%
Claude Giroux Philadelphia Flyers
79%
Nathan MacKinnon Colorado Avalanche
79%
Johnny Gaudreau Calgary Flames
78%
Roman Josi Nashville Predators
78%
Kris Letang Pittsburgh Penguins
77%
Malcolm Subban Las Vegas Golden Knights
76%
Patrik Laine Winnipeg Jets
76%
PK Subban Nashville Predators
76%
Carey Price Montreal Canadiens
75%
David Pastrnak Boston Bruins
75%
Jonathan Quick LA Kings
75%
Tuukka Rask Boston Bruins
75%
Ryan Getzlaf Anaheim Ducks
74%
Artemi Panarin Columbus Blue Jackets
73%
Filip Forsberg Nashville Predators
73%
Marc-Andre Fleury Las Vegas Golden Knights
73%
Mitch Marner Toronto Maple Leafs
73%
Phil Kessel Pittsburgh Penguins
73%
Corey Perry Anaheim Ducks
72%
Pekka Rinne Nashville Predators
72%
Mark Scheifele Winnipeg Jets
70%
Nicklas Backstrom Washington Capitals
70%
Brayden Point Tampa Bay Lightning
69%
Duncan Keith Chicago Blackhawks
68%
Taylor Hall NJ Devils
68%
Alex Pietrangelo St Louis Blues
67%
Aleksander Barkov Florida Panthers
66%
Jack Eichel Buffalo Sabres
66%
John Carlson Washington Capitals
66%
Shea Weber Montreal Canadiens
66%
Braden Holtby Washington Capitals
65%
Joe Thornton San Jose Sharks
65%
Sergei Bobrovsky Columbus Blue Jackets
65%
Martin Jones San Jose Sharks
64%
Seth Jones Columbus Blue Jackets
64%
Mathew Barzal New York Islanders
62%
Craig Smith Nashville Predators
61%
Mike Smith Calgary Flames
61%
Reilly Smith Las Vegas Golden Knights
61%
Evgeny Kuznetsov Washington Capitals
60%
Gabriel Landeskog Colorado Avalanche
60%
Leon Draisaitl Edmonton Oilers
60%
Sebastian Aho Carolina Hurricanes
60%
Andrei Vasilevskiy Tampa Bay Lightning
59%
Jon Pavelski San Jose Sharks
59%
Dylan Larkin Detroit Red Wings
58%
Matt Murray Pittsburgh Penguins
58%
William Nylander Toronto Maple Leafs
58%
Corey Crawford Chicago Blackhawks
57%
Jonathan Huberdeau Florida Panthers
57%
Ryan O'Reilly Buffalo Sabres
57%
Anders Lee New York Islanders
56%
Jakub Voracek Philadelphia Flyers
56%
Mark Stone Ottawa Senators
56%
Henrik Lundqvist New York Rangers
55%
Jordan Staal Carolina Hurricanes
55%
Mikko Rantanen Colorado Avalanche
55%
Erik Johnson Colorado Avalanche
54%
Tyler Johnson Tampa Bay Lightning
54%
Ben Bishop Dallas Stars
53%
Morgan Rielly Toronto Maple Leafs
53%
Matthew Tkachuk Calgary Flames
52%
Aaron Ekblad Florida Panthers
51%
Logan Couture San Jose Sharks
51%
Mark Giordano Calgary Flames
51%
Matt Duchene Ottawa Senators
51%
John Klingberg Dallas Stars
50%
Ryan Nugent-Hopkins Edmonton Oilers
50%
TJ Oshie Washington Capitals
50%
Connor Hellebuyck Winnipeg Jets
49%
Daniel Sedin Vancouver Canucks
49%
Frederik Andersen Toronto Maple Leafs
49%
Henrik Sedin Vancouver Canucks
49%
Jake Guentzel Pittsburgh Penguins
49%
Kyle Connor Winnipeg Jets
49%
Ryan Suter Minnesota Wild
49%
Charlie McAvoy Boston Bruins
48%
Patrick Marleau Toronto Maple Leafs
48%
Sean Monahan Calgary Flames
48%
Brock Boeser Vancouver Canucks
47%
Dustin Byfuglien Winnipeg Jets
47%
Jonathan Marchessault Las Vegas Golden Knights
47%
Zach Parise Minnesota Wild
47%
Colin Miller Las Vegas Golden Knights
46%
Craig Anderson Ottawa Senators
46%
Dustin Brown LA Kings
46%
Jon Gibson Anaheim Ducks
46%
Josh Anderson Columbus Blue Jackets
46%
JT Miller New York Rangers
46%
Ryan Johansen Nashville Predators
46%
Ryan Miller Anaheim Ducks
46%
Zach Werenski Columbus Blue Jackets
46%
Max Pacioretty Montreal Canadiens
45%
Jake Allen St Louis Blues
44%
Mika Zibanejad New York Rangers
44%
Ryan Ellis Nashville Predators
43%
Torey Krug Boston Bruins
43%
Alex Radulov Dallas Stars
42%
Clayton Keller Arizona Coyotes
42%
Dougie Hamilton Calgary Flames
42%
Brayden Schenn St Louis Blues
41%
Nazem Kadri Toronto Maple Leafs
41%
Nikolaj Ehlers Winnipeg Jets
41%
Oliver Ekman-Larsson Arizona Coyotes
41%
Jeff Carter Los Angeles Kings
40%
Mikko Koivu Minnesota Wild
40%
Nico Hischier New Jersey Devils
40%
Elias Lindholm Carolina Hurricanes
39%
Hampus Lindholm Anaheim Ducks
39%
Rick Nash New York Rangers
39%
Sean Couturier Philadelphia Flyers
39%
Bo Horvat Vancouver Canucks
38%
Mattias Ekholm Nashville Predators
38%
Ondrej Palat Tampa Bay Lightning
38%
Jeff Skinner Carolina Hurricanes
37%
Max Domi Arizona Coyotes
37%
Brendan Gallagher Montreal Canadiens
36%
Roberto Luongo Florida Panthers
36%
Darnell Nurse Edmonton Oilers
35%
Ryan McDonagh New York Rangers
35%
Cam Atkinson Columbus Blue Jackets
34%
Chris Kreider New York Rangers
34%
David Krejci Boston Bruins
34%
Jordan Eberle New York Islanders
34%
Nick Foligno Columbus Blue Jackets
34%
Pierre-Luc Dubois Columbus Blue Jackets
34%
Devan Dubnyk Minnesota Wild
33%
Jaroslav Halak New York Islanders
33%
Mats Zuccarello New York Rangers
33%
Tomas Hertl San Jose Sharks
33%
Tyson Barrie Colorado Avalanche
33%
Alex DeBrincat Chicago Blackhawks
32%
Cam Fowler Anaheim Ducks
32%
Henrik Zetterberg Detroit Red Wings
32%
James Neal Las Vegas Golden Knights
32%
Corey Schneider NJ Devils
31%
Jacob Trouba Winnipeg Jets
31%
Mikhail Sergachev Tampa Bay Lightning
31%
Teuvo Teravainen Carolina Hurricanes
31%
Viktor Arvidsson Nashville Predators
31%
Jonathan Drouin Montreal Canadiens
30%
Mikael Granlund Minnesota Wild
30%
Wayne Simmonds Philadelphia Flyers
30%
Ivan Provorov Philadelphia Flyers
29%
Josh Bailey New York Islanders
29%
Mike Green Detroit Red Wings
29%
Rickard Rakell Anaheim Ducks
29%
Tom Wilson Washington Capitals
29%
Jaden Schwartz St Louis Blues
28%
Kevin Fiala Nashville Predators
28%
Robin Lehner Buffalo Sabres
28%
Shayne Gostisbehere Philadelphia Flyers
28%
Alex Galchenyuk Montreal Canadiens
27%
Alex Killorn Tampa Bay Lightning
27%
Colton Parayko St Louis Blues
27%
David Perron Las Vegas Golden Knights
27%
Mike Hoffman Ottawa Senators
27%
Tyler Toffoli LA Kings
27%
Cam Talbot Edmonton Oilers
26%
James van Riemsdyk Toronto Maple Leafs
26%
Matt Dumba Minnesota Wild
26%
Rasmus Ristolainen Buffalo Sabres
26%
Shea Theodore Anaheim Ducks
26%
Anthony Mantha Detroit Red Wings
25%
Brandon Saad Chicago Blackhawks
25%
Dmitry Orlov Washington Capitals
25%
Justin Williams Carolina Hurricanes
25%
Milan Lucic Edmonton Oilers
25%
Ryan Kesler Anaheim Ducks
25%
Jake Muzzin LA Kings
23%
Justin Faulk Carolina Hurricanes
23%
Keith Yandle Florida Panthers
23%
Brian Elliott Philadelphia Flyers
22%
Kevin Shattenkirk New York Rangers
22%
Patric Hornqvist Pittsburgh Penguins
22%
Vincent Trocheck Florida Panthers
22%
Alexander Steen St Louis Blues
21%
Bryan Little Winnipeg Jets
21%
Jeff Petry Montreal Canadiens
21%
Kyle Palmieri NJ Devils
21%
Kyle Turris Nashville Predators
21%
Oscar Klefbom Edmonton Oilers
21%
Zach Hyman Toronto Maple Leafs
21%
Charlie Coyle Minnesota Wild
20%
Jake DeBrusk Boston Bruins
20%
Nick Leddy New York Islanders
20%
Paul Stastny St Louis Blues
20%
Jake Gardiner Toronto Maple Leafs
19%
Noah Hanifin Carolina Hurricanes
19%
Tyler Myers Winnipeg Jets
19%
Yanni Gourde Tampa Bay Lightning
19%
Adam Henrique Anaheim Ducks
18%
Antti Raanta Arizona Coyotes
18%
Josh Morrissey Winnipeg Jets
18%
Justin Schultz Pittsburgh Penguins
18%
Tyler Bozak Toronto Maple Leafs
18%
Aaron Dell San Jose Sharks
17%
Evgenii Dadonov Florida Panthers
16%
Jakob Silfverberg Anaheim Ducks
16%
Jakub Vrana Washington Capitals
16%
Patrick Maroon Edmonton Oilers
16%
Jason Zucker Minnesota Wild
15%
Erik Haula Las Vegas Golden Knights
13%
Mikael Backlund Calgary Flames
13%
Andre Burakovsky Washington Capitals
12%
Esa Lindell Dallas Stars
12%
Derick Brassard Ottawa Senators
11%
Nino Niederreiter Minnesota Wild
11%
Tanner Pearson Los Angeles Kings
11%
Brian Boyle New Jersey Devils
10%
Jesse Puljujarvi Edmonton Oilers
10%
Matt Niskanen Washington Capitals
10%
Pavel Buchnevich New York Rangers
10%
Jesper Bratt New Jersey Devils
9%
Nick Schmaltz Chicago Blackhawks
9%
Oliver Bjorkstrand Columbus Blue Jackets
9%
Brandon Montour Anaheim Ducks
8%
Danton Heinen Boston Bruins
8%
Matthieu Perreault Winnipeg Jets
8%
Will Butcher NJ Devils
8%
Alexander Kerfoot Colorado Avalanche
7%
Vladislav Namestnikov Tampa Bay Lightning
7%
Artem Anisimov Chicago Blackhawks
6%
Micheal Ferland Calgary Flames
5%
Andrej Sekera Edmonton Oilers
4%
Vladimir Sobotka St Louis Blues
2%
No matching quizzes found
Score Distribution
Percent of People with Each Score
Percentile by Number Answered
Your Score History
You have not taken this quiz